000 00935cam a2200277 4500
001 A266
008 090401t1993 xxu||||| |||| 00| 0 eng d
035 _a(Sirsi) u95336
041 _aeng
110 _aRoyal Institution of Chartered Surveyors
_94900
245 _aHouse of Commons Select Environment Committee an inquiry into energy efficiency of buildings
260 _bRICS
_c1993
300 _a7p
350 _a3
490 _aRICS Memorandum
_vGCPPA/Report(93)11
520 _aEvidence prepared in response to a report by the HC Select Committee on the Environment to its inquiry into the energy efficiency of buildings.
650 _aCOMBINED HEAT AND POWER
650 _aENERGY EFFICIENCY
650 _aENERGY LABELLING
650 _aFINANCIAL INCENTIVES
650 _aGOVERNMENT POLICY
650 _aNEW BUILDINGS
690 _aENVIRONMENTAL AND LAND CONSULTANCY-ENERGY
942 _n0
948 _c04/03/1997
999 _c98427
_d98427